<?xml version="1.0" encoding="UTF-8"?>
<record
    xmlns:xsi="http://www.w3.org/2001/XMLSchema-instance"
    xsi:schemaLocation="http://www.loc.gov/MARC21/slim http://www.loc.gov/standards/marcxml/schema/MARC21slim.xsd"
    xmlns="http://www.loc.gov/MARC21/slim">

  <leader>00669nam a22001817a 4500</leader>
  <controlfield tag="005">20220512100339.0</controlfield>
  <controlfield tag="008">210927b        sa ||||| |||| 00| 0 eng d</controlfield>
  <datafield tag="020" ind1=" " ind2=" ">
    <subfield code="a">9781928420361</subfield>
    <subfield code="q">paperback</subfield>
  </datafield>
  <datafield tag="040" ind1=" " ind2=" ">
    <subfield code="c">3228</subfield>
  </datafield>
  <datafield tag="082" ind1=" " ind2=" ">
    <subfield code="a">780.92 RASC</subfield>
  </datafield>
  <datafield tag="100" ind1=" " ind2=" ">
    <subfield code="a">Rasch, Carsten</subfield>
    <subfield code="9">116387</subfield>
  </datafield>
  <datafield tag="245" ind1=" " ind2=" ">
    <subfield code="a">Between rock and hard place:</subfield>
    <subfield code="b"> a memoir /</subfield>
    <subfield code="c">Carsten Rasch</subfield>
  </datafield>
  <datafield tag="260" ind1=" " ind2=" ">
    <subfield code="a"> Auckland Park, South Africa : </subfield>
    <subfield code="b">MFBooks Joburg, an imprint of Jacana Media;</subfield>
    <subfield code="c">2019.</subfield>
  </datafield>
  <datafield tag="300" ind1=" " ind2=" ">
    <subfield code="a"> vii, 367 pages .:</subfield>
    <subfield code="b">illustrations,portraits;</subfield>
    <subfield code="c">24 cm.</subfield>
  </datafield>
  <datafield tag="650" ind1=" " ind2=" ">
    <subfield code="2">Rasch, Carsten  </subfield>
    <subfield code="a"> Race relations</subfield>
    <subfield code="v">Rock groups</subfield>
    <subfield code="y"> 20th century Musicians </subfield>
    <subfield code="z">South Africa </subfield>
    <subfield code="9">131425</subfield>
  </datafield>
  <datafield tag="942" ind1=" " ind2=" ">
    <subfield code="x">maokop</subfield>
    <subfield code="y">5815</subfield>
    <subfield code="z">Pontsho Maoko</subfield>
  </datafield>
  <datafield tag="942" ind1=" " ind2=" ">
    <subfield code="2">ddc</subfield>
    <subfield code="c">BK</subfield>
  </datafield>
  <datafield tag="999" ind1=" " ind2=" ">
    <subfield code="c">576963</subfield>
    <subfield code="d">576962</subfield>
  </datafield>
  <datafield tag="952" ind1=" " ind2=" ">
    <subfield code="0">0</subfield>
    <subfield code="1">0</subfield>
    <subfield code="2">ddc</subfield>
    <subfield code="4">0</subfield>
    <subfield code="7">0</subfield>
    <subfield code="8">700</subfield>
    <subfield code="a">RIVEL</subfield>
    <subfield code="b">RIVEL</subfield>
    <subfield code="c">GEN</subfield>
    <subfield code="d">2021-09-27</subfield>
    <subfield code="o">780.92 RASC</subfield>
    <subfield code="p">33228031011999</subfield>
    <subfield code="r">2021-09-27</subfield>
    <subfield code="w">2021-09-27</subfield>
    <subfield code="y">BK</subfield>
  </datafield>
  <datafield tag="952" ind1=" " ind2=" ">
    <subfield code="0">0</subfield>
    <subfield code="1">0</subfield>
    <subfield code="2">ddc</subfield>
    <subfield code="4">0</subfield>
    <subfield code="7">0</subfield>
    <subfield code="8">700</subfield>
    <subfield code="a">KWAML</subfield>
    <subfield code="b">THEML</subfield>
    <subfield code="c">GEN</subfield>
    <subfield code="d">2022-02-02</subfield>
    <subfield code="o">780.92 RASC</subfield>
    <subfield code="p">33228031021073</subfield>
    <subfield code="r">2022-02-02</subfield>
    <subfield code="w">2022-02-02</subfield>
    <subfield code="y">BK</subfield>
  </datafield>
  <datafield tag="952" ind1=" " ind2=" ">
    <subfield code="0">0</subfield>
    <subfield code="1">0</subfield>
    <subfield code="2">ddc</subfield>
    <subfield code="4">0</subfield>
    <subfield code="7">0</subfield>
    <subfield code="8">700</subfield>
    <subfield code="a">KWAML</subfield>
    <subfield code="b">MARAL</subfield>
    <subfield code="c">GEN</subfield>
    <subfield code="d">2022-05-12</subfield>
    <subfield code="l">2</subfield>
    <subfield code="m">2</subfield>
    <subfield code="o">780.92 RASC</subfield>
    <subfield code="p">33228031021192</subfield>
    <subfield code="r">2026-02-27</subfield>
    <subfield code="s">2026-02-27</subfield>
    <subfield code="w">2022-05-12</subfield>
    <subfield code="y">BK</subfield>
  </datafield>
  <datafield tag="952" ind1=" " ind2=" ">
    <subfield code="0">0</subfield>
    <subfield code="1">0</subfield>
    <subfield code="2">ddc</subfield>
    <subfield code="4">0</subfield>
    <subfield code="7">0</subfield>
    <subfield code="a">LYDEL</subfield>
    <subfield code="b">THULL</subfield>
    <subfield code="d">2023-04-19</subfield>
    <subfield code="l">0</subfield>
    <subfield code="o">780.92 RASC</subfield>
    <subfield code="p">33228031029516</subfield>
    <subfield code="r">2023-04-19</subfield>
    <subfield code="w">2023-04-19</subfield>
    <subfield code="y">BK</subfield>
  </datafield>
  <datafield tag="952" ind1=" " ind2=" ">
    <subfield code="0">0</subfield>
    <subfield code="1">0</subfield>
    <subfield code="2">ddc</subfield>
    <subfield code="4">0</subfield>
    <subfield code="7">0</subfield>
    <subfield code="a">LYDEL</subfield>
    <subfield code="b">MAFEL</subfield>
    <subfield code="c">Non_Fiction</subfield>
    <subfield code="d">2023-09-01</subfield>
    <subfield code="l">0</subfield>
    <subfield code="o">780.92 RASC</subfield>
    <subfield code="p">33228031029318</subfield>
    <subfield code="r">2023-09-01</subfield>
    <subfield code="w">2023-09-01</subfield>
    <subfield code="y">BK</subfield>
  </datafield>
  <datafield tag="952" ind1=" " ind2=" ">
    <subfield code="0">0</subfield>
    <subfield code="1">0</subfield>
    <subfield code="2">ddc</subfield>
    <subfield code="4">0</subfield>
    <subfield code="7">0</subfield>
    <subfield code="a">LYDEL</subfield>
    <subfield code="b">MAFEL</subfield>
    <subfield code="d">2023-09-06</subfield>
    <subfield code="l">0</subfield>
    <subfield code="o">780.92 RASC</subfield>
    <subfield code="p">33228031029315</subfield>
    <subfield code="r">2023-09-06</subfield>
    <subfield code="w">2023-09-06</subfield>
    <subfield code="y">BK</subfield>
  </datafield>
</record>
